Extremism in Presidential Discourse: A Content Analysis of Uzbek President Mirziyoyev's Speeches

Analýza prejavov prezidenta Uzbekistanu Shavkata Mirziyoyeva od svojho nástupu k moci v roku 2016 so špecifickým zameraním na prítomnosť extrémistickej rétoriky. Analýza prístupov prezidenta k tejto problematike na národnej, regionálnej a medzinárodnej úrovni.

Gespeichert in:
Bibliographische Detailangaben
1. Verfasser: Kromková, Júlia, 1998-
Format: Buchkapitel
Sprache:Englisch
Schlagworte:
Tags: Tag hinzufügen
Keine Tags, Fügen Sie das erste Tag hinzu!

MARC

LEADER 00000naa$a2200000$$$4500
001 0298592
005 20240717090352.8
041 0 |a eng 
044 |a SK 
245 1 0 |a Extremism in Presidential Discourse: A Content Analysis of Uzbek President Mirziyoyev's Speeches  |c Júlia Kromková 
520 |a Analýza prejavov prezidenta Uzbekistanu Shavkata Mirziyoyeva od svojho nástupu k moci v roku 2016 so špecifickým zameraním na prítomnosť extrémistickej rétoriky. Analýza prístupov prezidenta k tejto problematike na národnej, regionálnej a medzinárodnej úrovni. 
610 2 0 |a prezidenti 
610 2 0 |a rozhovor 
610 2 0 |a rétorika 
610 2 0 |a extrémizmus 
610 2 0 |a radikalizmus 
610 2 0 |a vzťahy medzinárodné 
610 2 0 |a Uzbekistan 
100 1 |a Kromková, Júlia, 1998-